000 01039nam0a22002771 4500
001 rc\4165000
005 20250611114723.0
021 _aRU
_b[46-17811]
035 _a(NLR Aleph) 008179050
090 _a7903406
_c7903406
100 _a20130415d1946 |||y0rusy50 ca
101 0 _arus
102 _aRU
105 _ay z |||||
200 1 _aСоставление и исполнение бюджетов городских советов (не имеющих финансовых отделов) и волостных советов
210 _aРига
_cМинистерство финансов латв. ССР
_d1946
_gТип. № 6 ВАПП
215 _a82 с.
_d21
300 _aПеред загл. автор: Р. Чулит
606 _aБюджеты местные
_xСоставление
_2psbo
606 _aСоветы депутатов
_xФинансы
_2psbo
700 1 _aЧулит
_bР.
801 0 _aRU
_bNLR
_gpsbo
801 1 _aRU
_bELAR
_2rusmarc
852 _aNLR
_jЭк64 Г-4/310
942 _cBOOK
980 _aNB